ბათუმის შოთა რუსთაველის სახელმწიფო უნივერსიტეტის ბიბლიოთეკა

შუა დერეფნის ენერგეტიკული განზომილება = Energy dimension of the Middle Corridor : (ბიბ.ჩანაწერი № 62328)

000 -ლიდერი
ფიქსირებული სიგრძის საკონტროლო ველი 01636nam a22002657a 4500
003 - საკონტროლო ნომრის იდენტიფიკატორი
საკონტროლო ველი Ge_BSU
005 - ბოლო ოპერაციის თარიღი და დრო
საკონტროლო ველი 20241007163538.0
008 - ფიქსირებული სიგრძის მონაცემთა ელემენტები - ზოგადი ინფორმაცია
ფიქსირებული სიგრძის საკონტროლო ველი 241007s2024 ge ||||| |||| 00| 0 geo d
020 ## - წიგნის საერთაშორისო სტანდარტული ნომერი
International Standard Book Number 9789941514807
041 ## - ენის კოდი
Language code of text/sound track or separate title geo
080 ## - უნივერსალური ათობითი კლასიფიკაციის ინდექსი
Universal Decimal Classification number 339.92(4:510) : 665.6 : 662.959 პ-13
100 ## - მთავარი ჩანაწერი - პიროვნების სახელი
Personal name პავლიაშვილი, სოლომონ
9 (RLIN) 17738
245 ## - ცნობა სათაურის შესახებ
Title შუა დერეფნის ენერგეტიკული განზომილება = Energy dimension of the Middle Corridor :
Remainder of title [ალტერნატიული მარშრუტი ჩინეთიდან ევროპაში : მონოგრაფია] /
Statement of responsibility, etc სოლომონ პავლიაშვილი, ზურაბ გარაყანიძე; რედაქტორი მიხეილ ჯიბუტი.
264 ## - წარმოების, გამოცემის, დისტრიბუციის და სხვა ცნობები
გამოცემის, წარმოების, დისტრიბუციის... ადგილი თბილისი :
გამოცემის, წარმოების, დისტრიბუციის... სახელწოდება მწიგნობარი,
გამოცემის, წარმოების, დისტრიბუციის... თარიღი 2024.
300 ## - ფიზიკური აღწერა
Extent 236 გვ. :
Other physical details დიაგრ., ცხრ. ;
Dimensions 20 სმ
504 ## - BIBLIOGRAPHY, ETC. NOTE
Bibliography, etc ბიბლიოგრაფია: გვ. 215-236.
520 ## - SUMMARY, ETC.
Summary, etc რეზიუმე ინგლისურ ენაზე.
653 ## - INDEX TERM--UNCONTROLLED
Uncontrolled term ენერგეტიკული დერეფანი
653 ## - INDEX TERM--UNCONTROLLED
Uncontrolled term ევროპა -- ჩინეთი.
653 ## - INDEX TERM--UNCONTROLLED
Uncontrolled term ნავთობსადენები. გაზსადენები.
700 ## - ADDED ENTRY--PERSONAL NAME
Personal name გარაყანიძე, ზურაბ
Relator term ავტორი.
9 (RLIN) 23322
700 ## - ADDED ENTRY--PERSONAL NAME
Personal name ჯიბუტი, მიხეილ
Relator term რედაქტორი.
9 (RLIN) 23323
773 ## - HOST ITEM ENTRY
Title ნაჩუქარი
942 ## - ADDED ENTRY ELEMENTS (KOHA)
Source of classification or shelving scheme
Koha item type წიგნი
ეგზემპლარები
ჩამოწერის სტატუსი დაკარგული ეგზემპლარის სტატუსი კლასიფიკაციის წყარო ან თაროზე გაწყობის სქემა დაზიანების სტატუსი არ გაიცემა მუდმივი მდებარეობა (დაცვის ადგილი) ამჟამინდელი ადგილსამყოფელი თაროზე განთავსების ადგილი შეძენის თარიღი ღირებულება, შესყიდვის ნორმალური ფასი სრული შენახვის შიფრი შტრიხკოდი ბოლო ოპერაციის თარიღი ეგზემპლარის მიმდევრობითი ნომერი (კეტერი?) ფასის ძალაში შესვლის თარიღი ეგზემპლარის სახეობა საჯარო შენიშვნა
          ბათუმის შოთა რუსთაველის სახელმწიფო უნივერსიტეტის მთავარი ბიბლიოთეკა ბათუმის შოთა რუსთაველის სახელმწიფო უნივერსიტეტის მთავარი ბიბლიოთეკა წიგნსაცავი 2024-10-07 10.00 339.92(4:510) : 665.6 : 662.959 პ-13 69153 2024-10-07 69153 2024-10-07 წიგნი 10 ლ.
          ბათუმის შოთა რუსთაველის სახელმწიფო უნივერსიტეტის მთავარი ბიბლიოთეკა ბათუმის შოთა რუსთაველის სახელმწიფო უნივერსიტეტის მთავარი ბიბლიოთეკა წიგნსაცავი 2024-10-07 10.00 339.92(4:510) : 665.6 : 662.959 პ-13 69154 2024-10-07 69154 2024-10-07 წიგნი 10 ლ.